Gems of Kashmiri literature
Anthology of Kashmiri verse and short stories; includes translation with brief biographical notes on the writers.
Wedi'i Gadw mewn:
| Fformat: | Llyfr |
|---|---|
| Iaith: | Undetermined |
| Cyhoeddwyd: |
New Delhi
Sanchar Pub. House
1996
|
| Pynciau: | |
| Tagiau: |
Ychwanegu Tag
Dim Tagiau, Byddwch y cyntaf i dagio'r cofnod hwn!
|
| Thư viện lưu trữ: | Trung tâm Học liệu Trường Đại học Cần Thơ |
|---|
| LEADER | 00765nam a2200193Ia 4500 | ||
|---|---|---|---|
| 001 | CTU_217047 | ||
| 008 | 210402s9999 xx 000 0 und d | ||
| 082 | |a 891.499 | ||
| 082 | |b G322 | ||
| 245 | 0 | |a Gems of Kashmiri literature | |
| 245 | 0 | |c [translated by] T. N. Kaul ; foreword by Karan Singh | |
| 260 | |a New Delhi | ||
| 260 | |b Sanchar Pub. House | ||
| 260 | |c 1996 | ||
| 520 | |a Anthology of Kashmiri verse and short stories; includes translation with brief biographical notes on the writers. | ||
| 650 | |a Văn học Kashmiri,Văn học Kashmiri,Kashmiri literature,Kashmiri literature | ||
| 650 | |x Dịch sang tiếng Anh,Translations into English | ||
| 904 | |i Qhieu -Trần Bé Ngọc | ||
| 980 | |a Trung tâm Học liệu Trường Đại học Cần Thơ | ||